000 01176cam a2200253 4500
001 ABS64364
008 010816n2001 000 0 eng u
035 _a(Sirsi) u114168
100 _aRoss, J
245 _aExpert witnesses in the dock
260 _c2001
490 _aProperty Week
_v66(30) 27 July 2001, 78-79(2)
520 _aDiscusses the role of expert witnesses in the increasing number of negligence claims and that they should not consider themselves immune to claims themselves. Article illustrates the extent of an expert witness's liability looking at different issues and illustrating them with references to case law. Concludes that expert witnesses should ensure clients understand that their opinions may not be final and that they do not guarantee the successful pursuit of expensive litigation.
590 _aABS
650 _aEXPERT WITNESSES
650 _aNEGLIGENCE
650 _aLIABILITY
650 _aCOURT PROCEEDINGS
650 _aNEGLIGENCE CLAIMS
690 _aMANAGEMENT-DISPUTE AVOIDANCE, MANAGEMENT AND RESOLUTION-DISPUTE MANAGEMENT AND RESOLUTION-EXPERT WITNESSES
700 _aSapte, D
700 _aHarry, T
942 _n0
999 _c68017
_d68017